000 00802nam a2200289 i 4500
001 C2-0096387
003 PPAK
005 20180727093618.0
008 970520s1994 my |||| ||||| | may d
020 _a9839793276
040 _aPPAK
_beng
_cPPAK
_erda
082 0 4 _a297.14
_223
090 0 0 _a297.14
_bQUT
_dG
100 1 _aSayyid, Quthb, Al-Syahid,
_eauthor
245 1 0 _aRiba
264 1 _aKuala Lumpur :
_bAl-Ramadhan ,
_c1994
300 _a144 pages ;
_c18 cm
336 _2rdacontent
_atext
337 _2rdamedia
_aunmediated
338 _2rdacarrier
_avolume
490 1 _aSiri agama
650 1 0 _aInterest (Islamic law)
700 _eauthor
700 1 _aAhmad Raffai Ayudin, Drs. ; Saiman Marjuki ; Ab. Latif bin Hamid, Drs.,
_ecompile
830 0 _aSiri agama
942 _ddc
_cB
999 _c20803
_d20803